书目信息 |
| 题名: |
无穷级数与连分数
|
|
| 作者: | 高建福 著 | |
| 分册: | ||
| 出版信息: | 合肥 中国科学技术大学出版社 2005.12 |
|
| 页数: | 192页 | |
| 开本: | 21cm | |
| 丛书名: | ||
| 单 册: | ||
| 中图分类: | O173 | |
| 科图分类: | ||
| 主题词: | 无穷级数--wu qiong ji shu , 连分数--lian fen shu | |
| 电子资源: | ||
| ISBN: | 7-312-01833-5 | |
| 000 | 00944nam0 2200265 450 | |
| 001 | 012007182791 | |
| 005 | 20071107185708.31 | |
| 010 | @a7-312-01833-5@dCNY15.00 | |
| 100 | @a20071107d2005 km y0chiy0120 ea | |
| 101 | 0 | @achi |
| 102 | @aCN@b340000 | |
| 105 | @ay a 000yy | |
| 106 | @ar | |
| 200 | 1 | @a无穷级数与连分数@Awu qiong ji shu yu lian fen shu@f高建福著@Fgao jian fu zhu |
| 210 | @a合肥@c中国科学技术大学出版社@d2005.12 | |
| 215 | @a192页@d21cm | |
| 300 | @a安徽财经大学专著出版基金资助 | |
| 320 | @a有书目 (第192页)。 | |
| 330 | @a本书系统地介绍了无穷级数性质及其在经典与近代数学中的广泛应用,论述了连分数与无穷级数的关系以及连分数的解析理论,并应用连分数解析理论构造了闵可夫斯基函数,将其解析开拓到复平面的某个区域内。 | |
| 606 | 0 | @a无穷级数@Awu qiong ji shu |
| 606 | 0 | @a连分数@Alian fen shu |
| 690 | @aO173@v4 | |
| 701 | 0 | @a高建福@Agao jian fu@4著 |
| 801 | 0 | @aCN@b@c20071107 |
| 905 | @b265864-65@dO173@eG141@f2 | |
| 无穷级数与连分数/高建福著.-合肥:中国科学技术大学出版社,2005.12 |
| 192页;21cm |
| 安徽财经大学专著出版基金资助 |
| ISBN 7-312-01833-5:CNY15.00 |
| 本书系统地介绍了无穷级数性质及其在经典与近代数学中的广泛应用,论述了连分数与无穷级数的关系以及连分数的解析理论,并应用连分数解析理论构造了闵可夫斯基函数,将其解析开拓到复平面的某个区域内。 |
| ● |
| 相关链接 |
|
|
|
正题名:无穷级数与连分数
索取号:O173/G141
 
预约/预借
| 序号 | 登录号 | 条形码 | 馆藏地/架位号 | 状态 | 备注 |
| 1 | 265864 | 202658640 | 自科库401/401自科库 44排4列2层/ [索取号:O173/G141] | 在馆 | |
| 2 | 265865 | 202658659 | 自科库401/401自科库 44排4列2层/ [索取号:O173/G141] | 在馆 |